000 00635nam a2200205Ia 4500
005 20250508162749.0
008 008 250505s9999 xx 000 0 eng d
020 _a81-7169-005-X
037 _aTextual
040 _aFEDL
_beng
_cFEDL
041 _aeng
_2eng
084 _a370.954, HAS
_qFEDL
100 _aSyed Masroop Ali Akhtar Hashmi
_9773911
245 0 _aMuslim response to Western education : A study of four pioneer institutions
260 _aNew Delhi, India
_bCommonewalth Publishers
_c1989
300 _axii,208p
650 _aEducation
942 _cTEXL
_h370.954, HAS
999 _c1378569
_d1378569